00652nam a2200181Ia 4500008004100000020001800041082001900059100001500078245003200093250000700125260003000132300001100162440002500173650003900198952010800237952010800345999001700453120622s9999 xx 000 0 und d a968-427-178-6 a901 B868p 1995 aBrom, Juan aPara comprender la historia a63 aMéxico : Nuestro Tiempo a187 p. aLa cultura al pueblo a1. HISTORIA \ 2. HISTORIOGRAFIAÌ 00104070a01b01d2008-08-18l6o901 B868P 1995p01 001379r2016-06-30s2016-06-30t1w2012-06-24yLB 00104070a01b01d2007-01-25l2o901 B868P 1995p01 001380r2015-06-27s2015-06-27t2w2012-06-24yLB c56930d56930